Význam a úlohy účtovníctva v rámci informačného systému poisťovne diplomová práca

Uložené v:
Podrobná bibliografia
Hlavný autor: Jančová, Katarína
Korporativný autor: Fakulta hospodárskej informatiky EU. Katedra účtovníctva a audítorstva
Ďalší autori: Meluchová, Jitka, 1965-
Médium: Kniha
Jazyk:Slovak
Vydavateľské údaje: Bratislava 2012
Tagy: Pridať tag
Žiadne tagy, Buďte prvý, kto otaguje tento záznam!

MARC

LEADER 00000nbm a2200000 4500
001 0162009
005 20161212130808.1
041 0 |a slo 
044 |a SK 
245 1 0 |a Význam a úlohy účtovníctva v rámci informačného systému poisťovne  |b diplomová práca  |c Katarína Jančová ; školiteľ: Jitka Meluchová 
264 1 |a Bratislava  |c 2012 
300 |a 54 s. 
100 1 |a Jančová, Katarína 
700 1 |a Meluchová, Jitka, 1965- 
710 2 |a Fakulta hospodárskej informatiky EU. Katedra účtovníctva a audítorstva